000 01723nam0a2200397 4500
001 RU\NLR\bibl\2003663
005 20250616213055.0
010 _a978-5-504-01727-3
035 _a(NLR Aleph) 001992353
090 _a4242924
_c4242924
100 _a20130221d2011 |||y0rusy50 ca
101 0 _arus
102 _aRU
105 _ay z |||||
106 _as
200 1 _aПроблема аренды нежилых помещений в гражданском праве
_bЭлектронный ресурс
_fЮрьев А.Б.
210 _aМосква
_cЛаборатория книги
_d2011
215 _a117 с.
230 _aЭлектрон. дан.
300 _aЗагл. с титул. экрана
320 _aБиблиогр.: с. 109-117
325 _aКопия доступна в Электрон. б-ке РНБ http://vivaldi.nlr.ru/bx000033679/view
337 _aРесурс доступен в Электронной библиотеке РНБ
606 1 _aНежилые помещения
_xАренда
_xПравовые вопросы
_yРоссийская Федерация
_92076912
_3RU\NLR\auth\661252195
686 _aХ623.211.323
700 1 _aЮрьев
_bА. Б.
_4070
801 0 _aRU
_bNLR
_c20130221
_gRCR
801 1 _aRU
_bNLR
_c20130221
852 _aNLR
_bЭБ
942 _cBOOK
980 _aNB
981 1 3 _a(13) Документы, защищенные авторским правом
_b(13) Современная научная, научно-популярная и популярная литература